Dyestuffs.

Bibliographic Details
Corporate Author: Allied Chemical Corporation
Format: Journal
Language:English
Published: New York : National Aniline Division, Allied Chemical Corporation.
Subjects:
Online Availability: Check for online availability

MARC

Tag First Indicator Second Indicator Subfields
LEADER 00000cas a2200000 4500
001 in00000050533
005 20151007071904.0
008 750627d18981964nyu x1p 0uuua0eng d
010 |a sn 79018527  
012 |e n 
022 |a 0095-845X 
035 |a (OCoLC)01415921 
035 |9 AAE6827AM 
040 |a NSD  |c NSD  |d MUL  |d UCU  |d NSD  |d TXA  |d UtOrBLW 
042 |a nsdp 
049 |a TXAE 
090 |a TP890  |b .D9 
222 0 |a Dyestuffs 
245 0 0 |a Dyestuffs. 
264 1 |a New York :  |b National Aniline Division, Allied Chemical Corporation. 
300 |a 45 volumes :  |b illustrations  |a irregular. 
336 |a text  |b txt  |2 rdacontent 
337 |a unmediated  |b n  |2 rdamedia 
338 |a volume  |b nc  |2 rdacarrier 
362 0 |a v. 1-45, no. 2; 1898-March 1964. 
515 |a Publication suspended 1916-17. 
650 0 |a Dyes and dyeing  |v Periodicals. 
710 2 |a Allied Chemical Corporation. 
999 |a MARS 
999 f f |s 3e87cf8e-2086-317f-9652-aba4f40639f3  |i 893ea91b-ef35-34ef-a226-1b239354971b  |t 0 
952 f f |p ric  |a Texas A&M University  |b Rellis Campus  |c Joint Library Facility  |d Remote Storage  |t 0  |e TP890 .D9  |h Library of Congress classification  |i unmediated -- volume  |k v.36  |l 1940  |m A14834222908 
952 f f |p ric  |a Texas A&M University  |b Rellis Campus  |c Joint Library Facility  |d Remote Storage  |t 0  |e TP890 .D9  |h Library of Congress classification  |i unmediated -- volume  |k v.42  |l 1957/1958  |m A14834223213 
952 f f |p ric  |a Texas A&M University  |b Rellis Campus  |c Joint Library Facility  |d Remote Storage  |t 0  |e TP890 .D9  |h Library of Congress classification  |i unmediated -- volume  |k v.44-45  |l 1961/1964  |m A14834222788 
952 f f |p ric  |a Texas A&M University  |b Rellis Campus  |c Joint Library Facility  |d Remote Storage  |t 0  |e TP890 .D9  |h Library of Congress classification  |i unmediated -- volume  |k v.39-40  |l 1945/1954  |m A14834222869 
952 f f |p ric  |a Texas A&M University  |b Rellis Campus  |c Joint Library Facility  |d Remote Storage  |t 0  |e TP890 .D9  |h Library of Congress classification  |i unmediated -- volume  |k v.41  |l 1955/1956  |m A14834223255 
952 f f |p ric  |a Texas A&M University  |b Rellis Campus  |c Joint Library Facility  |d Remote Storage  |t 0  |e TP890 .D9  |h Library of Congress classification  |i unmediated -- volume  |k v.43  |l 1959/1960  |m A14834222827 
998 f f |a TP890 .D9  |s v.36 (1940)-v.45 (1963/1964)  |t 0  |l Remote Storage